00314pam a2200145a 44500008004100000020000900041041001200050082000900062100001700071245002400088250000600112260003000118300001100148650000900159230515b2000 xxu||||| |||| 00| 0 eng d aNULL aENGLISH aN.D. aS.S. Ganpule aEngineering Drawing a0 aNULLbTechnova Pub.c2000 a10 .16 aNULL